[Event "PRO League Stage"]
[Site "Chess.com INT"]
[Date "2017.02.15"]
[Round "6"]
[White "Mihok, Oliver"]
[Black "Nakyp, Rakhimjan"]
[Result "1-0"]
[WhiteElo "2505"]
[BlackElo "2096"]
[PlyCount "67"]
[EventDate "2017.01.11"]
[EventType "team-swiss (rapid)"]
[EventRounds "7"]
[EventCountry "USA"]
[SourceTitle "CBM 176 Extra"]
[Source "ChessBase"]
[SourceDate "2017.03.02"]
[SourceVersion "1"]
[SourceVersionDate "2017.03.02"]
[SourceQuality "1"]
[WhiteTeam "Budapest Gambit"]
[BlackTeam "Shymkent Nomads"]
[WhiteTeamCountry "HUN"]
[BlackTeamCountry "KAZ"]

1. e4 c6 2. d4 d5 3. Nd2 dxe4 4. Nxe4 Bf5 5. Ng3 Bg6 6. Bc4 e6 7. N1e2 Nd7 8. h4 Nb6 9. Bb3 Ne7 10. h5 Bf5 11. Bf4 h6 12. Nxf5 Nxf5 13. g4 Nd6 14. Qd3 Be7 15. Be5 Bf6 16. 0-0-0 Qe7 17. f4 0-0-0 18. Kb1 Nb5 19. Qf3 Rhf8 20. c4 Nc7 21. Nc3 Bxe5 22. fxe5 f5 23. gxf5 Rxf5 24. Qe3 Rdf8 25. Ne4 Kb8 26. Nd6 Rf3 27. Qe4 Ne8 28. Rhg1 Nxd6 29. exd6 Qxd6 30. c5 Qh2 31. cxb6 Ka8 32. Qe5 Qf2 33. Rxg7 Re3 34. Qc7 1-0

[Event "PRO League Stage"]
[Site "Chess.com INT"]
[Date "2017.02.15"]
[Round "6"]
[White "Nakyp, Rakhimjan"]
[Black "Nagy, Gabor1111"]
[Result "0-1"]
[WhiteElo "2096"]
[BlackElo "2433"]
[PlyCount "72"]
[EventDate "2017.01.11"]
[EventType "team-swiss (rapid)"]
[EventRounds "7"]
[EventCountry "USA"]
[SourceTitle "CBM 176 Extra"]
[Source "ChessBase"]
[SourceDate "2017.03.02"]
[SourceVersion "1"]
[SourceVersionDate "2017.03.02"]
[SourceQuality "1"]
[WhiteTeam "Shymkent Nomads"]
[BlackTeam "Budapest Gambit"]
[WhiteTeamCountry "KAZ"]
[BlackTeamCountry "HUN"]

1. c4 e5 2. Nc3 Bb4 3. g3 Nf6 4. Bg2 0-0 5. Nf3 Re8 6. Nd5 Nxd5 7. cxd5 e4 8. Nd4 Bc5 9. Nc2 d6 10. 0-0 Bg4 11. h3 Bh5 12. Ne3 Nd7 13. d4 exd3 14. Qxd3 Ne5 15. Qc2 Bg6 16. Be4 Qd7 17. Bxg6 hxg6 18. Kg2 g5 19. Nc4 g4 20. h4 b5 21. Nxe5 Rxe5 22. e4 Rae8 23. Re1 f5 24. Bg5 Rxe4 25. Rxe4 Rxe4 26. Rd1 Qe8 27. Rd2 a5 28. a3 a4 29. Qd3 g6 30. Rc2 Re1 31. Rd2 Qe4+ 32. Qxe4 Rxe4 33. f3 gxf3+ 34. Kxf3 Kf7 35. Bd8 Re3+ 36. Kf4 Re8 0-1

[Event "Maralsay Group A"]
[Site "Almaty"]
[Date "2009.08.22"]
[Round "7"]
[White "Nakyp, Rakhimjan"]
[Black "Akkozov, Berik"]
[Result "0-1"]
[WhiteElo "2014"]
[BlackElo "2274"]
[PlyCount "48"]
[EventDate "2009.08.17"]
[EventType "tourn"]
[EventRounds "11"]
[EventCountry "KAZ"]
[SourceTitle "EXT 2022"]
[Source "ChessBase"]
[SourceDate "2021.10.06"]
[SourceVersion "1"]
[SourceVersionDate "2021.10.06"]
[SourceQuality "1"]

1. e4 c5 2. Nf3 d6 3. d4 Nf6 4. Nc3 cxd4 5. Nxd4 a6 6. Bc4 e6 7. 0-0 Be7 8. f4 b5 9. Bb3 0-0 10. f5 b4 11. Na4 e5 12. Ne2 Bb7 13. Ng3 Nbd7 14. Nh5 Nxh5 15. Qxh5 Nf6 16. Qe2 Bc6 17. Re1 Bxe4 18. g4 d5 19. Be3 Bd6 20. Rad1 d4 21. Bg5 Bc6 22. c4 e4 23. Rxd4 Bxa4 24. Rxe4 Bc6 0-1

[Event "Maralsay Group A"]
[Site "Almaty"]
[Date "2009.08.21"]
[Round "5"]
[White "Zhylkaidarova, Sholpan"]
[Black "Nakyp, Rakhimjan"]
[Result "0-1"]
[WhiteElo "1913"]
[BlackElo "2014"]
[PlyCount "73"]
[EventDate "2009.08.17"]
[EventType "tourn"]
[EventRounds "11"]
[EventCountry "KAZ"]
[SourceTitle "EXT 2022"]
[Source "ChessBase"]
[SourceDate "2021.10.06"]
[SourceVersion "1"]
[SourceVersionDate "2021.10.06"]
[SourceQuality "1"]

1. e4 c5 2. Nc3 Nc6 3. g3 g6 4. Bg2 Bg7 5. f4 d6 6. Nf3 Nf6 7. d3 0-0 8. 0-0 Rb8 9. Be3 Bd7 10. h3 b5 11. g4 b4 12. Ne2 Ne8 13. Rb1 Nc7 14. f5 Nb5 15. Qd2 Qa5 16. Bh6 Nbd4 17. Nexd4 Nxd4 18. Bxg7 Nxf3+ 19. Rxf3 Kxg7 20. f6+ exf6 21. Qf4 Qxa2 22. Qxf6+ Kg8 23. Rbf1 Qe6 24. Qg5 Qe5 25. Qc1 a5 26. Qa1 a4 27. R3f2 Ra8 28. c3 a3 29. cxb4 cxb4 30. Qd1 a2 31. d4 Qb5 32. Qa1 b3 33. Rf6 Qb4 34. Rd1 Rac8 35. e5 dxe5 36. dxe5 Qc5+ 37. Rf2 0-1